[Event "Perm op 08"]
[Site "Perm"]
[Date "2009.08.20"]
[Round "8"]
[White "Chikrin, Vladimir"]
[Black "Pershina, Elena"]
[Result "0-1"]
[WhiteElo "1797"]
[BlackElo "1958"]
[PlyCount "82"]
[EventDate "2009.08.11"]
[EventType "swiss"]
[EventRounds "9"]
[EventCountry "RUS"]
[SourceTitle "CBM 132 Extra"]
[Source "ChessBase"]
[SourceDate "2009.11.03"]
[SourceVersion "1"]
[SourceVersionDate "2009.11.03"]
[SourceQuality "1"]

1. d4 Nf6 2. c4 e5 3. dxe5 Ng4 4. Bf4 Nc6 5. Nf3 Bb4+ 6. Nc3 Qe7 7. Bd2 Ngxe5 8. e3 Nxf3+ 9. Qxf3 Ne5 10. Qe4 d6 11. Be2 0-0 12. 0-0 Bxc3 13. Bxc3 f5 14. Qd4 Be6 15. c5 Nc6 16. Qf4 dxc5 17. Rfd1 Rad8 18. Bc4 Bxc4 19. Qxc4+ Kh8 20. Qb5 Rb8 21. Rd5 a6 22. Qxc5 Qxc5 23. Rxc5 Rbd8 24. g3 Kg8 25. Kf1 g6 26. Ke2 Rd6 27. Rd1 Rfd8 28. Rxd6 Rxd6 29. a3 Kf7 30. b4 Ke6 31. b5 axb5 32. Rxb5 b6 33. Rb1 Rd8 34. Rc1 Ra8 35. Bg7 Kd7 36. Rd1+ Kc8 37. Rd3 Na5 38. Rc3 Kb7 39. Bd4 c6 40. Kd3 b5 41. Be5 Nc4 0-1